Normal view
MARC view
- Evans, Sybil,
Entry Personal Name
001 - CONTROL NUMBER
- control field: 1883
003 - CONTROL NUMBER IDENTIFIER
- control field: NUST
005 - DATE AND TIME OF LATEST TRANSACTION
- control field: 20170601171705.0
008 - FIXED-LENGTH DATA ELEMENTS
- fixed length control field: 170601|| aca||aabn | a|a d
040 ## - CATALOGING SOURCE
- Original cataloging agency: NUST
- Transcribing agency: NUST
100 ## - HEADING--PERSONAL NAME
- Personal name: Evans, Sybil,
- Dates associated with a name: 1934-
670 ## - SOURCE DATA FOUND
- Source citation: Work cat.: (NUST)0: Evans, Sybil, 1934-, Hot buttons :, c2000.
